000 00296nam a2200121Ia 4500
008 220204s9999 xx 000 0 und d
082 _a582.26
_bLEE
100 _aLee, Robert Edward
245 0 _aPhycology
260 _aCambridge
_bCambridge University
_c1980
650 _aPhycology
942 _cBK
999 _c36986
_d36986